000 00186 a2200097 4500
020 _a9780399157868
041 _aeng
100 _aGrafton, Sue
245 _aV Is For Vengeance
942 _cBK
999 _c7616
_d7616